UBT Library

International commissions and the power of ideas / (Record no. 894)

000 -LEADER
fixed length control field 00735nam a22002177a 4500
008 - FIXED-LENGTH DATA ELEMENTS--GENERAL INFORMATION
fixed length control field 150522b xxu||||| |||| 00| 0 eng d
020 ## - INTERNATIONAL STANDARD BOOK NUMBER
International Standard Book Number 928081110X (pbk.)
041 0# - LANGUAGE CODE
Language code of text/sound track or separate title eng
080 ## - UNIVERSAL DECIMAL CLASSIFICATION NUMBER
Universal Decimal Classification number 341.2
245 00 - TITLE STATEMENT
Title International commissions and the power of ideas /
Statement of responsibility, etc edited by Ramesh Thakur, Andrew F. Cooper, and John English.
260 ## -
-- Tokyo ; New York :
-- United Nations University Press,
-- c2005.
300 ## -
-- 317 f
-- 24 cm.
505 ## -
-- Index:f. 300-317
650 #0 -
-- Agjencitë ndërkombëtare
650 #0 -
-- Organizatat ndërkombëtare
650 #0 -
-- Koorporatat ndërkombëtare
700 1# -
-- Thakur, Ramesh Chandra,
-- 1948-
700 1# -
-- Cooper, Andrew Fenton,
-- 1950-
700 1# -
-- English, John,
-- 1945-
942 ## - ADDED ENTRY ELEMENTS (KOHA)
Source of classification or shelving scheme
Item type Books
Holdings
Withdrawn status Lost status Source of classification or shelving scheme Damaged status Not for loan Collection code Permanent location Current location Shelving location Date acquired Total Checkouts Full call number Date last seen Koha item type
          Koleksioni i përgjithshem UBT - Lipjan UBT - Lipjan Koleksioni i përgjithshem 05/22/2015   341.2 THA 05/22/2015 Books
UBT Library © 2015-2024. All rights reserved University Education for Business and Technology